000 00795nam a22002297a 4500
001 8126
003 FISKH
005 20250827123648.0
008 250827b cb ||||| |||| 00| 0 eng d
020 _a9781597641234
040 _aFISKH
_beng
_cFISKH
_dFISKH
050 _aGV1112.G64
082 _a796.815
100 _aGoldman, John
245 _aGuide to Martial arts :
_bA step-by-step introduction to Taekwando, Judo, Ju-jitsu, Karate & Kung Fu /
_cJohn Goldman
260 _aUnited Kingdom :
_bNew Line Books,
_c1997.
300 _a127 pages :
_bcolor illustrations ;
_c31 cm
520 _aUses over three hundred full-color photographs to provide a step-by-step introduction to the martial arts.
650 _aKids
_vReference
_xMartial Arts
942 _2ddc
_cBK
_n0
999 _c8126
_d8126